000 00278 a2200109 4500
001 63248
082 _a353.00947 COC
090 _c37313
_d37313
100 _aCockburn Andrew
245 _aThreat: Inside the Soviet Military machine
260 _aLahore
_bPAF Book Club
_c1983
942 _aNUST-CAE
_k353.00947 COC
999 _c298321
_d298321